Broken nest and other stories / (Record no. 41118)

MARC details
000 -LEADER
fixed length control field 00782nam a22002177a 4500
005 - DATE AND TIME OF LATEST TRANSACTION
control field 2010081108408.0
010 ## - LCCN (DPL NO)
LC control number ENG-99720
020 ## - INTERNATIONAL STANDARD BOOK NUMBER
Terms of availability 200.00
International Standard Book Number 9788189975630
035 ## - SYSTEM CONTROL NUMBER
System control number EN-83252
037 ## - SOURCE OF ACQUISITION
Source of stock number/acquisition DBAD/PUB
082 ## - DEWEY DECIMAL CLASSIFICATION NUMBER
Classification number N
100 ## - MAIN ENTRY--PERSONAL NAME
Personal name Tagore, Rabindranath
245 ## - TITLE STATEMENT
Title Broken nest and other stories /
Statement of responsibility, etc by Rabindranath Tagore; translated by Sharmistha Mohanty
260 ## - PUBLICATION, DISTRIBUTION, ETC. (IMPRINT)
Place of publication, distribution, etc Chennai
Name of publisher, distributor, etc Tranquebar Press
Date of publication, distribution, etc 2009
270 ## - ADDRESS
Address 571, Poonamallee High Road, Kamaraj Bhavan, Aminijikarai
City Chennai
Postal code 600029
300 ## - PHYSICAL DESCRIPTION
Extent xvii, 129p.
Dimensions 18cm (pbk)
650 ## - SUBJECT ADDED ENTRY--TOPICAL TERM
Topical term or geographic name as entry element Novel
700 ## - ADDED ENTRY--PERSONAL NAME
Personal name Mohanty, Sharmistha
9 (RLIN) 11239
942 ## - ADDED ENTRY ELEMENTS (KOHA)
Source of classification or shelving scheme Dewey Decimal Classification
Item type English Books
Classification part N
Call number suffix TAG
Holdings
Withdrawn status Lost status Not for loan Collection code Home library Current library Date acquired Source of acquisition Cost, normal purchase price Full call number Barcode Copy number Cost, replacement price Koha item type
    Not For Loan Fiction D.B.Act.Division D.B.Act.Division 11/08/2010 DBAD/PUB 200.00 N TAG EN-83252 1 200.00 English Books

© Delhi Public Library
Hit Counter
free hit counter